Statistics for Most Popular Condiments in the U.S. by Brand

Click here to take the quiz!

General Stats

  • This quiz has been taken 453 times
  • The average score is 4 of 25

Answer Stats

Annual sales Answer % Correct
$278,647,900Heinz ketchup
94%
$88,099,770French's mustard
53%
$401,204,800Hellmann's mayonnaise
46%
$73,916,110Hunt's ketchup
37%
$44,943,710Grey Poupon mustard
34%
$79,211,620Kraft Sandwich Shop Mayo
21%
$43,907,580Frank's red-hot sauce
10%
$163,491,100Kraft Miracle Whip
10%
$74,117,570Pace Salsa
9%
$40,572,270McIllhenney Tobasco sauce
8%
$175,221,400Best Foods Mayonnaise
7%
$19,823,580Vlasic relish
5%
$286,239,700Tostito's salsa
4%
$39,889,620Duke's mayonnaise
4%
$18,027,340Texas Pete hot sauce
3%
$25,243,950Newman's Own salsa
2%
$159,494,100Kraft Mayonnaise
1%
$34,640,500Chi-Chi's salsa
1%
$27,170,240Herdez salsa
1%
$22,258,750Blue Plate mayonnaise
1%
$20,123,860Gulden's spicy brown mustard
1%
$16,006,730Ortega salsa
1%
$16,002,860Cholula hot sauce
1%
$25,713,740French's horseradish mustard
0%
$18,237,160Mt. Olive relish
0%

Score Distribution

Percentile by Number Answered

Percent of People with Each Score

Your Score History

You have not taken this quiz